000 00570nam a2200217 a 4500
999 _c5794
_d5794
001 5794
003 BD-JhCC
005 20171227161519.0
008 171221s1968 e |||| ||a| 000 0 eng d
035 _a(BD-JhCC) 5794
040 _aBD-JhCC
_dBD-JhCC
041 _aeng
082 _a594.0471
_bSTR 1968
100 _aStratton, L. W.
245 _aYour Book of –Shell collecting /
_cL. W. Stratton
260 _aLondon :
_bFABER AND FABER 24 Russell Square London ,
_c1968
300 _a64 p .:
_c22 cm .
650 _aShells
942 _2ddc
_cBK